Antoni Clavé i el teatre / Anna Riera
ISBN:
84-343-0903-3
Descripción Física:
214 p. : il. col. ; 30 cm
MARC
| LEADER | 00000nam a2200000Ia 4500 | ||
|---|---|---|---|
| 001 | 13045 | ||
| 008 | 160829s2000 xx 000 0 cat d | ||
| 020 | |a 84-343-0903-3 | ||
| 080 | |a B-1-379 | ||
| 100 | |a Riera, Anna |9 19937 | ||
| 245 | |a Antoni Clavé i el teatre / Anna Riera | ||
| 260 | |a Barcelona : |b Polígrafa, |c 2000 | ||
| 300 | |a 214 p. : |b il. col. ; |c 30 cm | ||
| 600 | 1 | 0 | |a Clavé, Antoni, |d 1913-2005 |9 35520 |
| 650 | |a Escenògrafs |x Catalunya |9 33292 | ||
| 901 | |a Arxiu | ||
| 942 | |n 1 | ||
| 952 | |0 0 |1 0 |4 0 |6 B1379 |7 1 |9 43698 |a Arxiu |b Arxiu |d 2016-12-01 |l 0 |o B-1-379 |p 13045 |r 2016-12-01 00:00:00 |w 2016-12-01 |y ARXIU | ||
| 999 | |c 46246 |d 46246 | ||